000 00365nam a2200145Ia 4500
005 20251222154434.0
008 251222s9999||||xx |||||||||||||| ||spa||
020 _a84-206-4225-8
082 _a306.347/C95/Ej.2
100 _aCuevas, Alberto
245 0 _aSindicato y Poder en América Latina:
250 _a1ra.ed.
264 _bEditorial Alianza
942 _cLIB
999 _c36519
_d36519